[Event "SR 4. liga A21 2012/2013"]
[Site "?"]
[Date "2013.02.17"]
[Round "9.1"]
[White "Kupkovic, Miroslav"]
[Black "Orvisky, Vladimir"]
[Result "0-1"]
[WhiteElo "1799"]
[BlackElo "1838"]
[PlyCount "92"]
[EventDate "2012.??.??"]

1. Nf3 Nf6 2. g3 g6 3. Bg2 Bg7 4. O-O O-O 5. d3 c6 6. c3 d5 7. h3 Re8 8. Nbd2
Qc7 9. e4 Nbd7 10. Re1 Nc5 11. Qc2 dxe4 12. dxe4 Rd8 13. Nd4 e5 14. N4f3 Nd3
15. Re3 Nxc1 16. Rxc1 b5 17. Rd1 Bb7 18. Ne1 c5 19. c4 b4 20. Rd3 Rxd3 21. Qxd3
Rd8 22. Qc2 a5 23. f3 Qd7 24. Kf1 Bh6 25. Ke2 Ba6 26. b3 Nh5 27. Nf1 Qe7 28.
Rxd8+ Qxd8 29. Qd3 Qd4 30. Qxd4 exd4 31. Nd3 Bf8 32. g4 Ng7 33. f4 Bb7 34. Bf3
h5 35. e5 Bc8 36. gxh5 Nxh5 37. Bxh5 gxh5 38. Nf2 Kg7 39. Kf3 Kg6 40. Ng3 h4
41. Nf1 Kf5 42. Nd3 Bb7+ 43. Ke2 Bg2 44. Nd2 Bxh3 45. Ne4 Bg4+ 46. Kf2 Kxe4 0-1

[Event "SR 4. liga A21 2012/2013"]
[Site "?"]
[Date "2013.02.17"]
[Round "9.1"]
[White "Piestansky, Jan"]
[Black "Podjavorinsky, Michal"]
[Result "0-1"]
[WhiteElo "1588"]
[BlackElo "1681"]
[PlyCount "100"]
[EventDate "2012.??.??"]

1. e4 d5 2. exd5 Qxd5 3. d4 c6 4. h3 Nf6 5. Nf3 Bf5 6. Bd3 Bg6 7. c3 e6 8. Be3
Be7 9. Bxg6 hxg6 10. Nbd2 Bd6 11. Qc2 Ng4 12. c4 Nxe3 13. fxe3 Bg3+ 14. Ke2 Qh5
15. Ne4 Bc7 16. Qb3 b6 17. g4 Qa5 18. c5 Nd7 19. Rac1 Rb8 20. Nd6+ Ke7 21. Ne5
Nxe5 22. dxe5 bxc5 23. Qc3 Qxc3 24. Rxc3 Rxb2+ 25. Kf3 Bxd6 26. exd6+ Kxd6 27.
a3 Kc7 28. Rxc5 Rb3 29. a4 Rb4 30. Kg3 Rxa4 31. Rf1 f6 32. Rc3 Rd8 33. Rfc1 Rd6
34. Rb1 Ra6 35. h4 Rb6 36. Ra1 a6 37. Kf4 e5+ 38. Ke4 Rb4+ 39. Kf3 Kb7 40. Rca3
c5 41. Rc1 c4 42. Rac3 Rc6 43. Ke4 Kb6 44. Kd5 a5 45. Rxc4 Rbxc4 46. Rxc4 Rxc4
47. Kxc4 f5 48. gxf5 gxf5 49. h5 Kc6 50. Kd3 Kd5 0-1

[Event "SR 4. liga A21 2012/2013"]
[Site "?"]
[Date "2013.02.17"]
[Round "9.1"]
[White "Tomasovic, Martin"]
[Black "Galba, Juraj"]
[Result "0-1"]
[WhiteElo "1479"]
[BlackElo "1000"]
[PlyCount "82"]
[EventDate "2012.??.??"]

1. e4 e5 2. Nf3 Nc6 3. Bc4 Bc5 4. c3 Nf6 5. d4 exd4 6. cxd4 Bb4+ 7. Bd2 Nxe4 8.
Qe2 Qe7 9. O-O O-O 10. d5 Nxd2 11. Nbxd2 Qxe2 12. Bxe2 Ne7 13. Bc4 d6 14. Ne4
Bf5 15. Ng3 h6 16. h3 a6 17. a3 Bc5 18. b4 b5 19. Bb3 Bb6 20. Rfe1 Rfe8 21. a4
Bd3 22. Rac1 a5 23. bxa5 Bxa5 24. Re3 Nf5 25. Rxd3 Nxg3 26. fxg3 Bb6+ 27. Kh2
bxa4 28. Bc4 a3 29. Ra1 Bc5 30. Nd4 Re4 31. Nb5 Rxc4 32. Nxc7 Ra5 33. Rb3 Bd4
34. Rd1 a2 35. Nb5 a1=Q 36. Rxa1 Bxa1 37. Nxd6 Rxd5 38. Rb8+ Kh7 39. Nxf7 Be5
40. Rb7 Rc3 41. h4 Bxg3+ 0-1

[Event "SR 4. liga A21 2012/2013"]
[Site "?"]
[Date "2013.02.17"]
[Round "9.2"]
[White "Bartos, Bohumil"]
[Black "Sottnik, Filip"]
[Result "0-1"]
[WhiteElo "1533"]
[BlackElo "1503"]
[PlyCount "40"]
[EventDate "2012.??.??"]

1. d4 Nf6 2. c4 e6 3. Nc3 c5 4. Nf3 b6 5. Bg5 Be7 6. e3 O-O 7. Bd3 Bb7 8. O-O
d5 9. Bxf6 Bxf6 10. Qc2 h6 11. dxc5 bxc5 12. Rad1 Bxc3 13. Qxc3 Nd7 14. cxd5
exd5 15. Bb5 c4 16. Bxd7 Qxd7 17. Qxc4 Rfc8 18. Qe2 a5 19. Nd4 Ba6 20. Nb5 Bxb5
0-1

[Event "SR 4. liga A21 2012/2013"]
[Site "?"]
[Date "2013.02.17"]
[Round "9.2"]
[White "Dzurjaninova, Hana"]
[Black "Vogl, Zdenek"]
[Result "1/2-1/2"]
[WhiteElo "1592"]
[BlackElo "1945"]
[PlyCount "86"]
[EventDate "2012.??.??"]

1. e4 e5 2. Nf3 Nc6 3. d4 exd4 4. Nxd4 Nxd4 5. Qxd4 d6 6. Bc4 Be6 7. Nc3 Nf6 8.
O-O Be7 9. b3 O-O 10. Bb2 Ng4 11. Nd5 Bf6 12. Nxf6+ Qxf6 13. Be2 Qg6 14. f4 Qh6
15. h3 Nf6 16. f5 Bd7 17. Bc1 Qh4 18. Bd3 Nh5 19. Be3 Rfe8 20. Rae1 Bc6 21. Bd2
Qf6 22. Bc3 Qe5 23. Qb4 Qe7 24. e5 dxe5 25. Qxe7 Rxe7 26. Rxe5 Rae8 27. Rfe1
Rxe5 28. Rxe5 Nf4 29. Rxe8+ Bxe8 30. Bf1 Bd7 31. g4 c5 32. Be5 Nd5 33. Bb8 a6
34. Ba7 Nb4 35. Bxc5 Nxa2 36. Bg2 Bc6 37. Bxc6 bxc6 38. Kf2 Nc3 39. Ke3 f6 40.
Kd3 Nd5 41. Ke4 Kf7 42. c4 Ne7 43. h4 g6 1/2-1/2

[Event "SR 4. liga A21 2012/2013"]
[Site "?"]
[Date "2013.02.17"]
[Round "9.2"]
[White "Fajnor, Dusan"]
[Black "Davidik, Miroslav"]
[Result "1-0"]
[WhiteElo "1000"]
[BlackElo "1452"]
[PlyCount "77"]
[EventDate "2012.??.??"]

1. e4 c6 2. d4 d5 3. e5 Bf5 4. Nf3 Qb6 5. b3 e6 6. a3 Nd7 7. Bb2 Be7 8. h3 c5
9. Bd3 Bxd3 10. cxd3 cxd4 11. Bxd4 Bc5 12. Bxc5 Qxc5 13. d4 Qb5 14. Nc3 Qc6 15.
Rc1 Ne7 16. O-O O-O 17. Qe2 Qb6 18. b4 Nf5 19. Rfd1 a6 20. Qd3 Qd8 21. Na4 b6
22. Rc6 Rc8 23. Rdc1 Rxc6 24. Rxc6 Ne7 25. Rc2 f6 26. Qe3 Nf5 27. Qe2 fxe5 28.
dxe5 Nb8 29. Qd3 Qd7 30. Nxb6 Qb7 31. Na4 Rd8 32. Nc5 Qb6 33. Qb3 h6 34. Qa2
Kf7 35. Qb2 Ke7 36. g4 g6 37. gxf5 gxf5 38. Qd4 Qb5 39. Qh4+ {èas} 1-0

[Event "SR 4. liga A21 2012/2013"]
[Site "?"]
[Date "2013.02.17"]
[Round "9.2"]
[White "Lackovic, Marek"]
[Black "Hrubsa, Marian"]
[Result "0-1"]
[WhiteElo "1552"]
[BlackElo "1820"]
[PlyCount "100"]
[EventDate "2012.??.??"]

1. e4 e6 2. d4 d5 3. exd5 exd5 4. Nf3 Bd6 5. Bd3 Ne7 6. O-O O-O 7. Re1 Bf5 8.
Bxf5 Nxf5 9. Qd3 Qf6 10. Nc3 c6 11. Bd2 Nd7 12. Nd1 Rfe8 13. Ne3 Nxe3 14. Rxe3
Rxe3 15. Qxe3 Qg6 16. c3 Nf6 17. Ne5 Qc2 18. b4 Re8 19. f3 Nd7 20. Qd3 Qxd3 21.
Nxd3 Nb6 22. Re1 Rxe1+ 23. Bxe1 Nc4 24. g3 f6 25. Kf2 Kf7 26. Ke2 Ke7 27. a4 b6
28. Bf2 Kd8 29. Be1 Kc7 30. Kd1 a5 31. Kc2 Ne3+ 32. Kb2 Nc4+ 33. Kc1 g6 34. Bf2
Bf8 35. Kc2 Bh6 36. f4 Nd6 37. Be3 Ne4 38. Nf2 f5 39. Kd3 Bf8 40. Kc2 axb4 41.
Nxe4 dxe4 42. c4 c5 43. d5 Kd6 44. h3 Bg7 45. Bd2 Bd4 46. Be1 Be3 47. h4 h6 48.
Kb3 Bg1 49. Kc2 e3 50. Kd1 Bf2 0-1

[Event "SR 4. liga A21 2012/2013"]
[Site "?"]
[Date "2013.02.17"]
[Round "9.2"]
[White "Vach, Jozef"]
[Black "Moravec, Milan"]
[Result "1-0"]
[WhiteElo "1793"]
[BlackElo "1566"]
[PlyCount "99"]
[EventDate "2012.??.??"]

1. d4 Nf6 2. Nf3 d6 3. c4 g6 4. Nc3 Bg7 5. e4 O-O 6. Be2 Nbd7 7. O-O c5 8. d5
Ng4 9. Qc2 Nge5 10. b3 Nxf3+ 11. Bxf3 Ne5 12. Be2 f5 13. f4 Nf7 14. Bb2 fxe4
15. Nxe4 Bf5 16. Bd3 Bxb2 17. Qxb2 Nh6 18. Rad1 Ng4 19. Rde1 Nf6 20. Qc2 Bxe4
21. Bxe4 Nxe4 22. Rxe4 Qd7 23. Rfe1 Rae8 24. Re6 Rf6 25. R1e4 Rxe6 26. Rxe6 Rf8
27. Qe4 Rf7 28. g4 Qd8 29. Kg2 Qf8 30. Kg3 Qg7 31. Qe3 Kf8 32. Qe2 Qd4 33. Re4
Qc3+ 34. Qe3 Qg7 35. Qd2 b6 36. b4 Qa1 37. Re1 Qf6 38. bxc5 dxc5 39. g5 Qd6 40.
Re6 Qc7 41. Qe3 Rf5 42. d6 exd6 43. Re8+ Kg7 44. Re7+ Qxe7 45. Qxe7+ Rf7 46.
Qxd6 h6 47. Qe5+ Kh7 48. Qe6 Rg7 49. gxh6 Kxh6 50. Qh3# 1-0

[Event "SR 4. liga A21 2012/2013"]
[Site "?"]
[Date "2013.02.17"]
[Round "9.3"]
[White "Klimes, Juraj"]
[Black "Ocko, Martin"]
[Result "0-1"]
[WhiteElo "1611"]
[BlackElo "1661"]
[PlyCount "30"]
[EventDate "2012.??.??"]

1. e4 e5 2. Nf3 Nc6 3. Bc4 Bc5 4. O-O Nf6 5. Re1 O-O 6. c3 d6 7. d4 exd4 8.
cxd4 Bb6 9. Bg5 Bg4 10. d5 Ne5 11. Be2 h6 12. Nxe5 Bxe2 13. Bxf6 Qxf6 14. Ng4
Bxg4 15. Qxg4 Qxf2+ 0-1

[Event "SR 4. liga A21 2012/2013"]
[Site "?"]
[Date "2013.02.17"]
[Round "9.3"]
[White "Klimes, Karel"]
[Black "Diviak, Rudolf"]
[Result "1/2-1/2"]
[WhiteElo "1724"]
[BlackElo "1852"]
[PlyCount "35"]
[EventDate "2012.??.??"]

1. e4 g6 2. d4 Bg7 3. Nf3 d6 4. Bc4 Nf6 5. Nc3 c6 6. Bb3 b5 7. Qd3 a5 8. a3 Ba6
9. Qe3 Nbd7 10. Ne2 O-O 11. O-O c5 12. c3 Qc7 13. Re1 Bb7 14. Ng3 e5 15. Qe2
Ba6 16. dxe5 dxe5 17. Bd2 b4 18. Bc4 1/2-1/2

[Event "SR 4. liga A21 2012/2013"]
[Site "?"]
[Date "2013.02.17"]
[Round "9.3"]
[White "Mudroch, Martin"]
[Black "Wallner, Juraj"]
[Result "1/2-1/2"]
[WhiteElo "1309"]
[BlackElo "1495"]
[PlyCount "82"]
[EventDate "2012.??.??"]

1. e4 c5 2. Nf3 e6 3. d4 d5 4. exd5 exd5 5. Nc3 Nf6 6. Bf4 a6 7. Be2 cxd4 8.
Nxd4 Nc6 9. O-O Be7 10. Re1 O-O 11. Bf3 Re8 12. a3 Qb6 13. Nxc6 bxc6 14. Na4
Qd8 15. Be3 Rb8 16. b4 Bd7 17. Nc5 Bxc5 18. Bxc5 Be6 19. Qd3 Qc8 20. Bd6 Ra8
21. Rac1 Nd7 22. Qd4 Qd8 23. Be2 Qf6 24. Qxf6 Nxf6 25. Bd3 Rec8 26. f3 Nd7 27.
f4 g6 28. c4 Nf6 29. c5 Ne8 30. Be5 Nc7 31. a4 Kf8 32. h3 Ne8 33. g4 Rd8 34. f5
Bd7 35. Rf1 Kg8 36. Rf3 Ng7 37. fxg6 hxg6 38. Rcf1 Be8 39. Kh2 Ne6 40. h4 Rd7
41. Rg3 Rb7 1/2-1/2

[Event "SR 4. liga A21 2012/2013"]
[Site "?"]
[Date "2013.02.17"]
[Round "9.3"]
[White "Pagerka, Slavomir"]
[Black "Celustkova, Lubica"]
[Result "1/2-1/2"]
[WhiteElo "1759"]
[BlackElo "1611"]
[PlyCount "42"]
[EventDate "2012.??.??"]

1. e4 e5 2. Nf3 Nc6 3. d4 exd4 4. Nxd4 Nxd4 5. Qxd4 d6 6. Bc4 Nf6 7. O-O Be7 8.
b4 O-O 9. Bb2 Re8 10. Nc3 Bf8 11. Rad1 Qe7 12. Nd5 Nxd5 13. exd5 Qg5 14. Rfe1
Bh3 15. Bf1 Bf5 16. c4 c6 17. g3 Bd7 18. Bg2 a5 19. dxc6 Bxc6 20. Bxc6 bxc6 21.
bxa5 Qxa5 1/2-1/2

[Event "SR 4. liga A21 2012/2013"]
[Site "?"]
[Date "2013.02.17"]
[Round "9.3"]
[White "Tomasovic, Roman"]
[Black "Buran, Andrej ml"]
[Result "1-0"]
[WhiteElo "1277"]
[BlackElo "1152"]
[PlyCount "53"]
[EventDate "2012.??.??"]

1. d4 d5 2. c4 e6 3. Nf3 Nf6 4. e3 Be7 5. Bd3 O-O 6. b3 dxc4 7. bxc4 c5 8. O-O
Nc6 9. Re1 Qc7 10. Na3 a6 11. Nc2 e5 12. dxe5 Nxe5 13. Bb2 Nxf3+ 14. Qxf3 Bg4
15. Qg3 Qxg3 16. hxg3 Rad8 17. Bf1 Rd2 18. Rac1 Bf5 19. e4 Be6 20. Bc3 Rdd8 21.
f3 Nh5 22. Rb1 Bc8 23. Kf2 Bd6 24. e5 Bc7 25. Ne3 Rd7 26. Nd5 Re7 27. Nxe7+ 1-0

[Event "SR 4. liga A21 2012/2013"]
[Site "?"]
[Date "2013.02.17"]
[Round "9.4"]
[White "Dubecky, Ladislav"]
[Black "Tokos, Rastislav"]
[Result "1/2-1/2"]
[WhiteElo "1557"]
[BlackElo "1858"]
[PlyCount "75"]
[EventDate "2012.??.??"]

1. e4 c5 2. f4 Nc6 3. Nf3 d6 4. Bc4 h6 5. c3 e6 6. O-O Bd7 7. d4 Qb6 8. a4 Na5
9. Ba2 c4 10. Nbd2 d5 11. exd5 exd5 12. Ne5 Nf6 13. Nxd7 Kxd7 14. Nf3 Bd6 15.
Ne5+ Ke7 16. Re1 Kf8 17. Kh1 Rd8 18. Rb1 Nb3 19. Be3 g6 20. Bf2 Kg7 21. Qc2 Ne4
22. Be3 f6 23. Nf3 Rhe8 24. Nh4 Re7 25. f5 g5 26. Ng6 Ree8 27. Rbd1 Na5 28. Bb1
Qc7 29. Bg1 Nc6 30. Rf1 Ne7 31. Nxe7 Qxe7 32. Qc1 g4 33. Bxe4 Qxe4 34. Rde1 Qd3
35. Rd1 Qe4 36. Rde1 Qd3 37. Rd1 Qe4 38. Rde1 1/2-1/2

[Event "SR 4. liga A21 2012/2013"]
[Site "?"]
[Date "2013.02.17"]
[Round "9.4"]
[White "Huska, Branislav"]
[Black "Pisecky, Jan"]
[Result "1-0"]
[WhiteElo "1574"]
[BlackElo "1522"]
[PlyCount "137"]
[EventDate "2012.??.??"]

1. e4 c5 2. Nf3 Nc6 3. d4 cxd4 4. Nxd4 Qb6 5. Nb3 e6 6. Be3 Qc7 7. a3 Qe5 8.
Nc3 a6 9. Be2 Nf6 10. f4 Qc7 11. Qd2 Be7 12. e5 Ng8 13. O-O-O b5 14. Ne4 Nh6
15. g4 Bb7 16. Nbc5 O-O-O 17. Nd6+ Bxd6 18. Qxd6 Qxd6 19. Rxd6 f5 20. Rhd1 Nb8
21. Nxb7 Kxb7 22. Bf3+ Kc8 23. R1d3 fxg4 24. Rc3+ Nc6 25. Bxc6 dxc6 26. Rcxc6+
Kb7 27. Rb6+ Kc7 28. Rdc6+ Kd7 29. Rxe6 Nf5 30. Bc5 h5 31. Rxa6 Rh6 32. Rxh6
gxh6 33. Rg6 Rc8 34. b4 Rc6 35. Rxc6 Kxc6 36. Kd2 h4 37. Ke2 g3 38. hxg3 hxg3
39. Kf3 h5 40. Kg2 Kd5 41. Kf3 h4 42. Kg4 Ke6 43. Kh3 Kd5 44. Bb6 Kc6 45. Bc5
Kd7 46. Kg2 Ke6 47. Kh3 Kd5 48. Kg4 Ke6 49. Bg1 Kd5 50. Bc5 Nd4 51. Kh3 Ne2 52.
Kxh4 g2 53. Kh3 g1=Q 54. Bxg1 Nxg1+ 55. Kg4 Ne2 56. Kf5 Nd4+ 57. Kf6 Ne6 58. f5
Nf8 59. e6 Kd6 60. Kf7 Nh7 61. e7 Ng5+ 62. Kf8 Nh7+ 63. Ke8 Kc7 64. Kf7 Ng5+
65. Kg6 Kd7 66. Kxg5 Kxe7 67. f6+ Kf7 68. Kf5 Kf8 69. Ke6 1-0

[Event "SR 4. liga A21 2012/2013"]
[Site "?"]
[Date "2013.02.17"]
[Round "9.4"]
[White "Kovarik, Oto"]
[Black "Palka, Miroslav"]
[Result "1/2-1/2"]
[WhiteElo "1979"]
[BlackElo "1924"]
[PlyCount "178"]
[EventDate "2012.??.??"]

1. e4 c5 2. Nf3 d6 3. d4 cxd4 4. Nxd4 Nf6 5. Nc3 g6 6. Be2 Bg7 7. Be3 O-O 8.
O-O Nc6 9. h3 Bd7 10. Qd2 a6 11. f4 Rc8 12. Bf3 Na5 13. Be2 Nc4 14. Bxc4 Rxc4
15. Rae1 Qc7 16. Bf2 e5 17. fxe5 dxe5 18. Nf3 Be6 19. Qe3 Nh5 20. Rd1 b5 21. a3
Nf4 22. Qb6 Qxb6 23. Bxb6 Rfc8 24. Ba5 f6 25. Rd6 R4c6 26. Rfd1 Bf8 27. Rd8
Rxd8 28. Rxd8 Kf7 29. Kf2 Bc5+ 30. Kg3 Rd6 31. Rb8 g5 32. Bc7 Rd7 33. Bxe5 fxe5
34. Nxe5+ Ke7 35. Nxd7 Bxd7 36. Ra8 Bd4 37. Nd1 Bc6 38. Rxa6 Bxe4 39. c3 Be5
40. Ne3 Nxg2+ 41. Kf2 Nf4 42. Ng4 Bd6 43. a4 bxa4 44. Rxa4 Nxh3+ 45. Ke3 Bf5
46. Nh6 Bf4+ 47. Kf3 Bd7 48. Ra6 Bd6 49. b4 Ng1+ 50. Kf2 Ne2 51. Ng8+ Ke6 52.
c4 Ke5 53. c5 Bxc5+ 54. bxc5 Nd4 55. Ne7 Bb5 56. Rh6 Ne6 57. c6 Ba6 58. Rxh7
Kd6 59. Ke3 Bb5 60. Ke4 Bxc6+ 61. Nxc6 Kxc6 62. Kf5 Nd4+ 63. Kxg5 Kd6 64. Kf4
Ne6+ 65. Kf5 Nc5 66. Rh1 Kd5 67. Rh3 Kd4 68. Rh4+ Kd5 69. Rh8 Kd6 70. Rd8+ Nd7
71. Rc8 Nb6 72. Rc1 Kd5 73. Rd1+ Kc5 74. Ke4 Kc6 75. Rb1 Nd7 76. Kd4 Nb6 77.
Rh1 Nd7 78. Rh6+ Kc7 79. Kc4 Nb6+ 80. Kc5 Nd7+ 81. Kd4 Nb6 82. Rg6 Nd7 83. Rg2
Kd6 84. Rb2 Ke6 85. Rb5 Kd6 86. Rd5+ Ke6 87. Ra5 Nf8 88. Re5+ Kd6 89. Re1 Nd7
1/2-1/2

[Event "SR 4. liga A21 2012/2013"]
[Site "?"]
[Date "2013.02.17"]
[Round "9.4"]
[White "Kubik, Peter"]
[Black "Damborsky, Pavol"]
[Result "1-0"]
[WhiteElo "1720"]
[BlackElo "1794"]
[PlyCount "53"]
[EventDate "2012.??.??"]

1. e4 e5 2. Nf3 d6 3. d4 exd4 4. Nxd4 Nf6 5. Nc3 Be7 6. Bf4 O-O 7. Qd2 Nbd7 8.
O-O-O Nc5 9. f3 a6 10. g4 Ne6 11. Be3 Nxd4 12. Bxd4 Be6 13. g5 Nh5 14. Be3 g6
15. Be2 Ng7 16. h4 c5 17. Nd5 Bxd5 18. Qxd5 b5 19. f4 Ne8 20. h5 Nc7 21. Qd2
Kg7 22. f5 f6 23. hxg6 hxg6 24. gxf6+ Bxf6 25. Rdg1 Ne8 26. Bh6+ Kf7 27. Qd5+
1-0

[Event "SR 4. liga A21 2012/2013"]
[Site "?"]
[Date "2013.02.17"]
[Round "9.4"]
[White "Sprusansky, Ferdinand"]
[Black "Barcaj, Jaroslav"]
[Result "0-1"]
[WhiteElo "1430"]
[BlackElo "1586"]
[PlyCount "104"]
[EventDate "2012.??.??"]

1. e4 c5 2. Nf3 e6 3. Nc3 Nf6 4. d4 cxd4 5. Nxd4 a6 6. a3 d6 7. Bg5 Be7 8. Be2
b5 9. b4 Qc7 10. Qd2 Bb7 11. Bf3 Nbd7 12. O-O Rc8 13. Bxf6 Nxf6 14. e5 dxe5 15.
Bxb7 exd4 16. Bxc8 dxc3 17. Qg5 Qxc8 18. Qxg7 Rg8 19. Qh6 Qc6 20. g3 Qe4 21.
Rac1 Rg6 22. Qh3 Nd5 23. Rfe1 Nf4 24. Qf1 Qc6 25. Rcd1 Bg5 26. Rd4 Nd5 27. Qh3
h6 28. Qg2 Kf8 29. Qf3 Qb6 30. Rxd5 exd5 31. Qxd5 Re6 32. Qa8+ Qd8 33. Qxd8+
Bxd8 34. Rd1 Bg5 35. Kf1 Bd2 36. Ra1 a5 37. bxa5 Ra6 38. Ke2 Ke7 39. f3 Rxa5
40. Kd3 Kd6 41. Kd4 Ra4+ 42. Kd3 Kd5 43. Rb1 Kc5 44. Rb3 f5 45. h3 h5 46. g4
hxg4 47. hxg4 fxg4 48. fxg4 Rxg4 49. Ke2 Ra4 50. Kd3 Rd4+ 51. Ke2 Re4+ 52. Kd3
Re3# 0-1

[Event "SR 4. liga A21 2012/2013"]
[Site "?"]
[Date "2013.02.17"]
[Round "9.5"]
[White "Lezovic, Martin"]
[Black "Sadlon, Juraj"]
[Result "0-1"]
[WhiteElo "1762"]
[BlackElo "1804"]
[PlyCount "76"]
[EventDate "2012.??.??"]

1. e4 e5 2. Nf3 Nc6 3. Bc4 Be7 4. O-O Nf6 5. d3 O-O 6. Nc3 d6 7. h3 Na5 8. Nd2
Nxc4 9. Nxc4 Be6 10. b3 c6 11. f4 exf4 12. Bxf4 d5 13. Nd2 Bc5+ 14. Kh1 Bd4 15.
Ndb1 dxe4 16. a4 Qa5 17. Bd2 e3 18. Be1 Qe5 19. Ra2 Nd5 20. Ne2 Bb6 21. c4 Ne7
22. Bg3 Qh5 23. d4 Nf5 24. Bh2 Nxd4 25. a5 Bc5 26. Nbc3 Nxe2 27. Nxe2 Rad8 28.
Qe1 Rd7 29. Nf4 Qh6 30. Re2 g5 31. g4 gxf4 32. Bxf4 Qg6 33. Qh4 f6 34. Bh6 Rff7
35. Kh2 Rd2 36. Rfe1 Qd3 37. Rxd2 Qxd2+ 38. Kg1 Qf2+ 0-1

[Event "SR 4. liga A21 2012/2013"]
[Site "?"]
[Date "2013.02.17"]
[Round "9.5"]
[White "Mackovic, Matus"]
[Black "Skapik, Branislav"]
[Result "1-0"]
[WhiteElo "1871"]
[BlackElo "1857"]
[PlyCount "131"]
[EventDate "2012.??.??"]

1. e4 e5 2. Nf3 Nc6 3. Bb5 a6 4. Ba4 Nf6 5. O-O b5 6. Bb3 Be7 7. Re1 O-O 8. c3
d5 9. exd5 Nxd5 10. Nxe5 Nxe5 11. Rxe5 c6 12. Bxd5 cxd5 13. d4 Bd6 14. Re1 Qh4
15. g3 Qh3 16. Qf3 Be6 17. Bf4 Rae8 18. Nd2 Bg4 19. Qg2 Bxf4 20. Qxh3 Bxh3 21.
gxf4 Re6 22. Re3 Rg6+ 23. Rg3 Re8 24. Rxg6 hxg6 25. Nf3 Re7 26. Re1 Rxe1+ 27.
Nxe1 Kf8 28. Nd3 f6 29. Nb4 a5 30. Nxd5 Be6 31. Nc7 Bc4 32. b3 Be2 33. Nd5 Bd3
34. Ne3 Bb1 35. a4 bxa4 36. bxa4 Ke7 37. Nc4 Bc2 38. Nxa5 Bxa4 39. Nc4 Bb5 40.
Ne3 Bd3 41. Kg2 Kd6 42. Kf3 Ba6 43. c4 Bb7+ 44. Ke2 Be4 45. Kd2 Kc6 46. Kc3 Bf3
47. Kb4 Be2 48. d5+ Kb6 49. c5+ Ka6 50. Nc2 Bf3 51. d6 Kb7 52. Nd4 Bg2 53. f3
Bh3 54. c6+ Kb6 55. d7 Kc7 56. Kc5 Bxd7 57. cxd7 Kxd7 58. Kd5 Ke7 59. Kc6 g5
60. fxg5 fxg5 61. Kd5 Kf6 62. Ke4 Kg6 63. Ke5 Kh5 64. Nf5 Kg6 65. Ng3 Kh6 66.
Kf5 1-0

[Event "SR 4. liga A21 2012/2013"]
[Site "?"]
[Date "2013.02.17"]
[Round "9.5"]
[White "Pericka, Pavol"]
[Black "Jablonicky, Martin"]
[Result "0-1"]
[WhiteElo "1821"]
[BlackElo "1827"]
[PlyCount "90"]
[EventDate "2012.??.??"]

1. e4 c5 2. Bc4 Nc6 3. Nf3 g6 4. d4 cxd4 5. Nxd4 Bg7 6. c3 d6 7. Nxc6 bxc6 8.
Qf3 e6 9. O-O Ne7 10. Bg5 O-O 11. Bf6 Qc7 12. Rd1 d5 13. Bd3 Bb7 14. e5 c5 15.
Na3 d4 16. Nb5 Qb6 17. Qh3 Nd5 18. Qh4 Bxf6 19. exf6 e5 20. Be4 Nxf6 21. Bxb7
Qxb7 22. Nxd4 exd4 23. Qxf6 Qxb2 24. cxd4 Rfd8 25. Rab1 Rxd4 26. Qxd4 Qxd4 27.
Rxd4 cxd4 28. Kf1 Rc8 29. Rb2 Kg7 30. Ke2 Rc3 31. Rd2 Ra3 32. Rxd4 Rxa2+ 33.
Ke3 Kf6 34. Rf4+ Kg7 35. Kd3 g5 36. Rf5 Kg6 37. g4 h5 38. f4 f6 39. fxg5 fxg5
40. h4 Ra3+ 41. Ke2 gxh4 42. Rxh5 h3 43. Kf2 a5 44. Ke2 h2 45. Kd2 Ra1 0-1

[Event "SR 4. liga A21 2012/2013"]
[Site "?"]
[Date "2013.02.17"]
[Round "9.5"]
[White "Sadlon, Matus"]
[Black "Slobodnik, Michal"]
[Result "0-1"]
[WhiteElo "1596"]
[BlackElo "1785"]
[PlyCount "62"]
[EventDate "2012.??.??"]

1. e4 d6 2. d4 Nf6 3. Nc3 g6 4. f4 Bg7 5. Nf3 O-O 6. Be2 Bg4 7. Be3 c6 8. Qd2
Qc7 9. O-O-O Nbd7 10. Rdg1 b5 11. Bd3 Nb6 12. h3 Bd7 13. g4 Nc4 14. Qf2 Nxe3
15. Qxe3 b4 16. Nb1 Rfb8 17. Bc4 d5 18. exd5 Nxd5 19. Bxd5 cxd5 20. a3 Ba4 21.
Rg2 a5 22. h4 Rb6 23. Kd1 Re6 24. Qd2 bxa3 25. Nxa3 Re4 26. f5 Qb6 27. b3 Bxb3
28. cxb3 Qxb3+ 29. Nc2 Qxf3+ 30. Kc1 Rxg4 31. Rxg4 Qxh1+ 0-1

[Event "SR 4. liga A21 2012/2013"]
[Site "?"]
[Date "2013.02.17"]
[Round "9.6"]
[White "Bajcar, Pavol"]
[Black "Harastova, Viera"]
[Result "1/2-1/2"]
[WhiteElo "1635"]
[BlackElo "1851"]
[PlyCount "77"]
[EventDate "2012.??.??"]

1. d4 d5 2. Bf4 e6 3. e3 Bd6 4. Bg3 Nf6 5. Bd3 b6 6. Nf3 Bb7 7. c3 O-O 8. Nbd2
Nbd7 9. Qc2 Re8 10. O-O e5 11. dxe5 Nxe5 12. Rfe1 Nxd3 13. Qxd3 Ne4 14. Rad1
Bxg3 15. hxg3 Qf6 16. Qd4 Qxd4 17. exd4 f6 18. Nxe4 dxe4 19. Nd2 Re7 20. f3
Rae8 21. fxe4 Bxe4 22. Nxe4 Rxe4 23. Rxe4 Rxe4 24. Kf2 Kf7 25. Re1 Rxe1 26.
Kxe1 Ke6 27. Ke2 Kd5 28. Kd3 b5 29. b3 f5 30. Ke3 g5 31. Kf3 h5 32. Ke3 c5 33.
dxc5 Kxc5 34. Kd3 Kd5 35. Ke3 Ke5 36. Kf3 a5 37. Ke3 Kd5 38. Kd3 a4 39. Ke3
1/2-1/2

[Event "SR 4. liga A21 2012/2013"]
[Site "?"]
[Date "2013.02.17"]
[Round "9.6"]
[White "Berger, Patrik"]
[Black "Bjel, Jan"]
[Result "1-0"]
[WhiteElo "1930"]
[BlackElo "1875"]
[PlyCount "120"]
[EventDate "2012.??.??"]

1. e4 c5 2. Nf3 Nc6 3. d4 cxd4 4. Nxd4 e6 5. Be3 Bb4+ 6. c3 Ba5 7. Qg4 Qf6 8.
Nb5 Nge7 9. Nd6+ Kf8 10. f4 e5 11. Nxc8 Rxc8 12. Qxd7 exf4 13. Bc5 Rc7 14. Qd6
Qh4+ 15. Bf2 Qg4 16. h3 Qe6 17. Qxf4 Rd7 18. Be2 Bc7 19. Qg4 Qd6 20. Bc5 Qg3+
21. Bf2 Qd6 22. Bc5 Qg3+ 23. Kf1 Rd8 24. Qxg3 Bxg3 25. Bf3 g6 26. Ke2 Kg7 27.
Nd2 Rhe8 28. Rhd1 f5 29. Nb3 Nd5 30. Nd2 Nf6 31. Nf1 Rxd1 32. Rxd1 Bf4 33. Bd4
Nxd4+ 34. Rxd4 fxe4 35. Bg4 Nxg4 36. hxg4 Re7 37. Nd2 Bxd2 38. Kxd2 e3+ 39. Ke2
Kf6 40. c4 Kg5 41. g3 b6 42. b4 a6 43. a4 Re6 44. c5 b5 45. axb5 axb5 46. Rd6
Re4 47. c6 Rxb4 48. Rd5+ Kxg4 49. Rc5 Rb2+ 50. Kxe3 Rb3+ 51. Ke4 Rb1 52. c7
Re1+ 53. Kd5 Re8 54. c8=Q+ Rxc8 55. Rxc8 Kxg3 56. Ke4 h5 57. Rg8 h4 58. Rxg6+
Kh2 59. Kf3 h3 60. Kf2 b4 1-0

[Event "SR 4. liga A21 2012/2013"]
[Site "?"]
[Date "2013.02.17"]
[Round "9.6"]
[White "Harasta, Juraj"]
[Black "Podjavorinsky, Peter"]
[Result "1/2-1/2"]
[WhiteElo "1698"]
[BlackElo "1720"]
[PlyCount "38"]
[EventDate "2012.??.??"]

1. e4 e5 2. f4 exf4 3. Nf3 Be7 4. Bc4 Bh4+ 5. Ke2 Qe7 6. d3 c6 7. Nc3 d5 8. Bb3
dxe4 9. dxe4 Bg4 10. Bxf4 Qc5 11. Rf1 Na6 12. h3 Rd8 13. Qc1 Bxf3+ 14. Rxf3 Ne7
15. Bxf7+ Kf8 16. g3 Bf6 17. Bb3 Ng6 18. g4 Ke7 19. Na4 Qb5+ 1/2-1/2

[Event "SR 4. liga A21 2012/2013"]
[Site "?"]
[Date "2013.02.17"]
[Round "9.6"]
[White "Lanyi, Frantisek"]
[Black "Vepy, Ivan"]
[Result "0-1"]
[WhiteElo "1737"]
[BlackElo "1921"]
[PlyCount "46"]
[EventDate "2012.??.??"]

1. e4 e5 2. Nf3 Nc6 3. Bc4 Nf6 4. Ng5 d5 5. exd5 Na5 6. d3 h6 7. Nf3 Bd6 8.
Bb5+ c6 9. dxc6 bxc6 10. Ba4 O-O 11. h3 Ba6 12. Be3 e4 13. dxe4 Nxe4 14. Bb3
Qe7 15. Nbd2 Rad8 16. Nd4 Ng3 17. Rg1 c5 18. N4f3 Ne2 19. Rh1 Bf4 20. c4 Ng3
21. fxg3 Bxg3+ 22. Kf1 Nxc4 23. Bf2 Ne3+ 0-1

[Event "SR 4. liga A21 2012/2013"]
[Site "?"]
[Date "2013.02.17"]
[Round "9.6"]
[White "Zlamal, Marek"]
[Black "Madzo, Anton"]
[Result "1-0"]
[WhiteElo "1551"]
[BlackElo "1545"]
[PlyCount "69"]
[EventDate "2012.??.??"]

1. e4 e5 2. Bc4 d6 3. Ne2 Nc6 4. d3 Nf6 5. O-O Bg4 6. c3 Be7 7. f4 Bxe2 8. Qxe2
Qd7 9. f5 Na5 10. Bb3 Nxb3 11. axb3 a6 12. b4 b5 13. Be3 c5 14. bxc5 dxc5 15.
Rf3 Qc6 16. Nd2 Ng4 17. Rg3 Nxe3 18. Qxe3 Bf6 19. Nf3 h6 20. d4 cxd4 21. cxd4
exd4 22. Nxd4 Bxd4 23. Qxd4 Qf6 24. Qc5 Rd8 25. e5 Qxf5 26. Rxg7 Qe6 27. Rf1
Rc8 28. Qe3 Rc7 29. Rf6 Qd5 30. e6 Re7 31. exf7+ Kf8 32. Rg8+ Rxg8 33. fxg8=Q+
Kxg8 34. Qxe7 Qd1+ 35. Rf1 1-0